[Event "Verona op 12th"]
[Site "Verona"]
[Date "2006.01.08"]
[Round "8"]
[White "Capitelli, Paolo"]
[Black "Popa, Florin"]
[Result "1/2-1/2"]
[WhiteElo "2158"]
[BlackElo "2206"]
[PlyCount "76"]
[EventDate "2006.01.02"]
[EventType "swiss"]
[EventRounds "9"]
[EventCountry "ITA"]
[SourceTitle "CBM 110 Extra"]
[Source "ChessBase"]
[SourceDate "2006.03.10"]
[SourceVersion "2"]
[SourceVersionDate "2006.03.10"]
[SourceQuality "1"]

1. e4 e5 2. Nf3 Nc6 3. Bc4 Nf6 4. d3 h6 5. c3 d6 6. Nbd2 g6 7. Qe2 Bg7 8. Bb3 0-0 9. Nf1 d5 10. Ng3 Be6 11. 0-0 a5 12. Ba4 Nd7 13. Be3 Kh7 14. Bxc6 bxc6 15. d4 dxe4 16. Nxe5 Nxe5 17. dxe5 Bxe5 18. Bc5 Re8 19. Qxe4 Bd5 20. Qc2 Qh4 21. f3 Bxg3 22. hxg3 Qxg3 23. c4 Be6 24. b3 Bf5 25. Qc3 Re6 26. Bf2 Qg5 27. Rfe1 Bh3 28. g3 Rae8 29. Rxe6 Rxe6 30. Re1 Rxe1+ 31. Bxe1 h5 32. Kh2 Bf5 33. Qxa5 Qc1 34. Bc3 Qc2+ 35. Kg1 Qd1+ 36. Kf2 Qc2+ 37. Ke3 Qc1+ 38. Kf2 Qc2+ 1/2-1/2

[Event "Verona op 12th"]
[Site "Verona"]
[Date "2006.01.07"]
[Round "7"]
[White "Popa, Florin"]
[Black "Caruso, Augusto"]
[Result "0-1"]
[WhiteElo "2206"]
[BlackElo "2244"]
[PlyCount "60"]
[EventDate "2006.01.02"]
[EventType "swiss"]
[EventRounds "9"]
[EventCountry "ITA"]
[SourceTitle "CBM 110 Extra"]
[Source "ChessBase"]
[SourceDate "2006.03.10"]
[SourceVersion "2"]
[SourceVersionDate "2006.03.10"]
[SourceQuality "1"]

1. Nf3 c5 2. e4 e6 3. c3 Nc6 4. d4 cxd4 5. cxd4 d5 6. e5 Qb6 7. Nc3 Bd7 8. Be2 Nh6 9. Bxh6 gxh6 10. 0-0 Rc8 11. Na4 Qa5 12. Rc1 b6 13. a3 Ne7 14. Rxc8+ Nxc8 15. Nc3 Bxa3 16. Qd2 Bf8 17. Nh4 Ne7 18. b4 Qxb4 19. Rb1 Qa5 20. Qc1 Ng6 21. Nxg6 hxg6 22. Ra1 Qb4 23. Rxa7 Be7 24. Nb5 Bxb5 25. Bxb5+ Qxb5 26. g3 Bd8 27. h4 h5 28. Qf4 0-0 29. g4 Qb4 30. Kh2 Qc4 0-1

[Event "Verona op 12th"]
[Site "Verona"]
[Date "2006.01.06"]
[Round "6"]
[White "Gourlay, Iain"]
[Black "Popa, Florin"]
[Result "1/2-1/2"]
[WhiteElo "2363"]
[BlackElo "2206"]
[PlyCount "36"]
[EventDate "2006.01.02"]
[EventType "swiss"]
[EventRounds "9"]
[EventCountry "ITA"]
[SourceTitle "CBM 110 Extra"]
[Source "ChessBase"]
[SourceDate "2006.03.10"]
[SourceVersion "2"]
[SourceVersionDate "2006.03.10"]
[SourceQuality "1"]

1. Nf3 d5 2. g3 c5 3. Bg2 Nc6 4. d4 e6 5. 0-0 Nf6 6. c4 dxc4 7. Qa4 Qb6 8. Ne5 cxd4 9. Nd2 Nd5 10. Ndxc4 Qb4 11. Qc2 Nxe5 12. Nxe5 Bd6 13. Nf3 Bd7 14. a3 Qb6 15. Qd3 0-0 16. Nxd4 Bc5 17. Bxd5 exd5 18. Be3 Bxd4 1/2-1/2

[Event "Corsico op 26th"]
[Site "Corsico"]
[Date "2003.05.02"]
[Round "4"]
[White "Popa, Florin"]
[Black "Damia, Angelo"]
[Result "1-0"]
[WhiteElo "2204"]
[BlackElo "1991"]
[PlyCount "73"]
[EventDate "2003.04.30"]
[EventType "swiss"]
[EventRounds "7"]
[EventCountry "ITA"]
[SourceTitle "EXT 2007"]
[Source "ChessBase"]
[SourceDate "2006.11.23"]
[SourceVersion "1"]
[SourceVersionDate "2006.11.23"]
[SourceQuality "1"]

1. e4 e5 2. Nf3 Nf6 3. d4 Nxe4 4. Bd3 d5 5. Nxe5 Bb4+ 6. c3 Bd6 7. 0-0 0-0 8. Nd2 f5 9. f4 Nd7 10. Nxd7 Qxd7 11. Qb3 Qf7 12. Nf3 c6 13. c4 Be6 14. c5 Bb8 15. a4 h6 16. Qc2 Bc7 17. b4 Qh5 18. Be2 Qe8 19. Bd2 Bd8 20. b5 g5 21. Rab1 gxf4 22. Bxf4 Bg5 23. Ne5 Bd7 24. Rb3 Kh7 25. Qb2 Bxf4 26. Rxf4 Rb8 27. Rh3 Rf6 28. Bd3 b6 29. Bxe4 dxe4 30. d5 Be6 31. Nxc6 Rg6 32. dxe6 Rc8 33. cxb6 axb6 34. Rxf5 Qxe6 35. Qe5 Qa2 36. Rg3 Rxg3 37. hxg3 1-0

[Event "Milan Crespi op 23rd"]
[Site "Milan"]
[Date "2002.12.07"]
[Round "8"]
[White "Popa, Florin"]
[Black "Lebel, Patrick"]
[Result "1/2-1/2"]
[WhiteElo "2193"]
[BlackElo "2183"]
[PlyCount "48"]
[EventDate "2002.12.02"]
[EventType "swiss"]
[EventRounds "9"]
[EventCountry "ITA"]
[SourceTitle "EXT 2007"]
[Source "ChessBase"]
[SourceDate "2006.11.23"]
[SourceVersion "1"]
[SourceVersionDate "2006.11.23"]
[SourceQuality "1"]

1. e4 g6 2. d4 Bg7 3. f4 d5 4. e5 c5 5. dxc5 f6 6. Nf3 Nc6 7. Bb5 Bg4 8. exf6 Nxf6 9. 0-0 Ne4 10. c3 0-0 11. Be3 e5 12. fxe5 Nxe5 13. Be2 Rc8 14. Nbd2 Nxc5 15. Bd4 Nxf3+ 16. Nxf3 Ne6 17. Bxg7 Kxg7 18. h3 Bf5 19. Kh1 Qb6 20. Qxd5 Qxb2 21. Qe5+ Kg8 22. Nh4 Ng7 23. Qd5+ Be6 24. Qb5 Qxb5 1/2-1/2

[Event "Milan Crespi op 23rd"]
[Site "Milan"]
[Date "2002.12.03"]
[Round "3"]
[White "Barlocco, Carlo"]
[Black "Popa, Florin"]
[Result "0-1"]
[WhiteElo "2160"]
[BlackElo "2193"]
[PlyCount "96"]
[EventDate "2002.12.02"]
[EventType "swiss"]
[EventRounds "9"]
[EventCountry "ITA"]
[SourceTitle "EXT 2007"]
[Source "ChessBase"]
[SourceDate "2006.11.23"]
[SourceVersion "1"]
[SourceVersionDate "2006.11.23"]
[SourceQuality "1"]

1. d4 d5 2. Nc3 Nf6 3. Bg5 Bf5 4. f3 Bg6 5. Bxf6 exf6 6. e4 dxe4 7. Nxe4 Bxe4 8. fxe4 Bd6 9. Qh5 0-0 10. 0-0-0 Nd7 11. Nf3 Re8 12. Bc4 g6 13. Bxf7+ Kg7 14. Qh4 g5 15. Qh5 Rxe4 16. h4 g4 17. Ng5 fxg5 18. hxg5 Nf8 19. Rdf1 Bf4+ 20. Rxf4 Rxf4 21. g6 Rxf7 22. gxf7 Qf6 23. Qxg4+ Kxf7 24. Qe4 c6 25. Qd3 Kg7 26. Rf1 Qg5+ 27. Kb1 Re8 28. a3 Qg6 29. Qc3 Qe6 30. Qb4 b6 31. Qc3 Kg8 32. b3 Ng6 33. Kb2 Qd5 34. Rf3 Rd8 35. Rd3 a5 36. Qd2 Re8 37. Re3 Rd8 38. Rd3 Re8 39. Re3 Rd8 40. Rd3 Qe4 41. c4 Nf4 42. Rg3+ Kh8 43. d5 cxd5 44. c5 bxc5 45. Qxa5 Qe2+ 46. Kc1 Qf1+ 47. Kc2 Qf2+ 48. Kd1 Re8 0-1

[Event "Verona op 8th"]
[Site "Verona"]
[Date "2002.01.??"]
[Round "5"]
[White "Popa, Florin"]
[Black "Cetkovic, Miodrag"]
[Result "1-0"]
[WhiteElo "2215"]
[BlackElo "2281"]
[PlyCount "71"]
[EventDate "2002.01.02"]
[EventType "swiss"]
[EventRounds "7"]
[EventCountry "ITA"]
[SourceTitle "EXT 2004"]
[Source "ChessBase"]
[SourceDate "2003.11.25"]
[SourceVersion "1"]
[SourceVersionDate "2003.11.25"]
[SourceQuality "1"]

1. e4 e5 2. Nf3 Nc6 3. Bc4 Bc5 4. c3 Nf6 5. d3 h6 6. 0-0 d6 7. b4 Bb6 8. a4 a6 9. Qb3 0-0 10. h3 Qe7 11. a5 Ba7 12. Re1 Be6 13. Nbd2 b5 14. axb6 Bxb6 15. Ra4 a5 16. b5 Nd8 17. Ba3 Bxc4 18. Nxc4 Ne6 19. Nfxe5 Nc5 20. Bxc5 Bxc5 21. Nc6 Qe6 22. Rxa5 Bb6 23. Raa1 Rxa1 24. Rxa1 Nd7 25. Qa2 Nc5 26. Nxb6 cxb6 27. Nb4 Qf6 28. Nd5 Qd8 29. Qc4 Re8 30. f3 Kh7 31. d4 Ne6 32. Qc6 f5 33. exf5 Ng5 34. f6 Re2 35. Ra8 Nxh3+ 36. gxh3 1-0

[Event "Padova op"]
[Site "Padova"]
[Date "1999.??.??"]
[Round "7"]
[White "Giacomini, Massimo"]
[Black "Popa, Florin"]
[Result "0-1"]
[WhiteElo "1930"]
[BlackElo "2140"]
[PlyCount "76"]
[EventDate "1999.12.11"]
[EventType "swiss"]
[EventRounds "9"]
[EventCountry "ITA"]
[SourceTitle "CBM 073 Extra"]
[Source "ChessBase"]
[SourceDate "2000.01.11"]
[SourceVersion "1"]
[SourceVersionDate "2000.01.11"]
[SourceQuality "1"]

1. d4 d5 2. Nf3 Bf5 3. g3 c6 4. Bg2 Nf6 5. 0-0 Nbd7 6. Nh4 Bg6 7. f4 Be4 8. Nf3 e6 9. Nbd2 Be7 10. c4 0-0 11. Nxe4 Nxe4 12. Ne5 f5 13. Qc2 Rc8 14. c5 Nxe5 15. Bxe4 dxe4 16. dxe5 Qd4+ 17. e3 Qxc5 18. Qb3 Qd5 19. Qxb7 Bc5 20. Qa6 Rfd8 21. b3 Qd3 22. Qxd3 Rxd3 23. Kf2 Rcd8 24. Ke2 Rc3 25. Bd2 Rc2 26. Rfd1 Bb4 27. Rac1 Rdxd2+ 28. Rxd2 Rxd2+ 29. Kf1 Rxa2 30. Rxc6 Kf7 31. Rc7+ Be7 32. h4 a5 33. Ra7 Ra3 34. Ke2 Ra2+ 35. Kf1 Ke8 36. Ra6 Kf7 37. Ra7 g6 38. Rb7 Rb2 0-1

[Event "Verona op 5th"]
[Site "Verona"]
[Date "1999.??.??"]
[Round "?"]
[White "Popa, Florin"]
[Black "Ortega, Lexy"]
[Result "0-1"]
[WhiteElo "2215"]
[BlackElo "2485"]
[PlyCount "44"]
[EventDate "1999.??.??"]
[EventType "swiss"]
[EventRounds "7"]
[EventCountry "ITA"]
[SourceTitle "EXT 2005"]
[Source "ChessBase"]
[SourceDate "2004.11.15"]
[SourceVersion "1"]
[SourceVersionDate "2004.11.15"]
[SourceQuality "1"]

1. e4 c5 2. c3 d5 3. exd5 Qxd5 4. d4 Nf6 5. Nf3 Bg4 6. Be2 e6 7. 0-0 Nc6 8. h3 Bh5 9. c4 Qd6 10. g4 Bg6 11. g5 cxd4 12. Qb3 Nd7 13. Qxb7 Rc8 14. Qb5 Qc7 15. Bd2 Bc5 16. b4 d3 17. bxc5 dxe2 18. Re1 0-0 19. Nc3 Bh5 20. Nh4 Nd4 21. Qb2 Ne5 22. Ne4 Nef3+ 0-1

[Event "Padova op-A 1st"]
[Site "Padova"]
[Date "1998.12.12"]
[Round "1"]
[White "Efimov, Igor"]
[Black "Popa, Florin"]
[Result "1-0"]
[WhiteElo "2530"]
[BlackElo "2215"]
[PlyCount "85"]
[EventDate "1998.12.12"]
[EventType "swiss"]
[EventRounds "6"]
[EventCountry "ITA"]
[SourceTitle "EXT 2000"]
[Source "ChessBase"]
[SourceDate "1999.11.16"]
[SourceVersion "1"]
[SourceVersionDate "1999.11.16"]
[SourceQuality "1"]

1. d4 d5 2. c4 e6 3. Nc3 Nf6 4. Nf3 c6 5. e3 Bd6 6. b3 0-0 7. Bb2 Nbd7 8. Bd3 dxc4 9. bxc4 e5 10. 0-0 Re8 11. Ng5 Bc7 12. Qf3 Qe7 13. a4 h6 14. Ba3 Bd6 15. Bxd6 Qxd6 16. Nge4 Qe7 17. c5 Nd5 18. Rfc1 N7f6 19. Nxd5 Nxd5 20. Nd6 Rf8 21. Qe4 Nf6 22. Qxe5 Qxe5 23. dxe5 Nd5 24. Rab1 a5 25. Nxc8 Rfxc8 26. Rxb7 Rcb8 27. Rxb8+ Rxb8 28. Be4 Ra8 29. Rd1 Kf8 30. f4 Ke7 31. Bxd5 cxd5 32. c6 Ke6 33. c7 Rc8 34. Rc1 Kf5 35. Kf2 g5 36. Kf3 g4+ 37. Ke2 Ke4 38. g3 h5 39. Rc6 h4 40. gxh4 d4 41. exd4 Kxd4 42. h5 Ke4 43. h6 1-0

[Event "Venice op"]
[Site "Venice"]
[Date "1997.??.??"]
[Round "5"]
[White "Mrdja, Milan"]
[Black "Popa, Florin"]
[Result "1-0"]
[WhiteElo "2425"]
[BlackElo "2180"]
[PlyCount "73"]
[EventDate "1997.??.??"]
[EventType "swiss"]
[EventRounds "6"]
[EventCountry "ITA"]
[SourceTitle "EXT 2001"]
[Source "ChessBase"]
[SourceDate "2000.11.22"]
[SourceVersion "1"]
[SourceVersionDate "2000.11.22"]
[SourceQuality "1"]

1. e4 e5 2. Nf3 Nc6 3. Bb5 g6 4. 0-0 Bg7 5. c3 d6 6. d4 Bd7 7. Bg5 Nge7 8. dxe5 Nxe5 9. Nd4 Bxb5 10. Nxb5 Qd7 11. N1a3 a6 12. Nd4 c5 13. Ne2 b5 14. f4 N5c6 15. f5 Be5 16. Qd3 f6 17. Be3 g5 18. Rad1 Qb7 19. b3 Rc8 20. Kh1 Na5 21. c4 b4 22. Nc2 Kd7 23. Bf2 Kc7 24. Bg3 Rcd8 25. Be1 Nac6 26. Ne3 h5 27. Bf2 a5 28. Ng1 Nd4 29. Nd5+ Nxd5 30. exd5 a4 31. Bxd4 Bxd4 32. Nf3 Bc3 33. bxa4 Qa6 34. a3 Qxa4 35. axb4 cxb4 36. Nd4 Kb6 37. Rb1 1-0